Broken Flower / (Record no. 441534)

MARC details
000 -LEADER
fixed length control field 00668nam a22002057a 4500
003 - CONTROL NUMBER IDENTIFIER
control field 3228
005 - DATE AND TIME OF LATEST TRANSACTION
control field 20250814141318.0
008 - FIXED-LENGTH DATA ELEMENTS--GENERAL INFORMATION
fixed length control field 240916b sa ||||| |||| 00| 0 eng d
020 ## - INTERNATIONAL STANDARD BOOK NUMBER
International Standard Book Number 9781847391919
Qualifying information Paperbacks (pbk)
040 ## - CATALOGING SOURCE
Original cataloging agency RDA
Transcribing agency 3228
082 ## - DEWEY DECIMAL CLASSIFICATION NUMBER
Classification number EF AND
Item number 159285
100 ## - MAIN ENTRY--PERSONAL NAME
Personal name ANDREWS, Virginia London, 2008
9 (RLIN) 12628
245 #0 - TITLE STATEMENT
Title Broken Flower /
Remainder of title [A family with broken secrets.]
Statement of responsibility, etc. Andrews, Virginia
260 ## - PUBLICATION, DISTRIBUTION, ETC.
Place of publication, distribution, etc. United States:
Name of publisher, distributor, etc. Pocket Books
Date of publication, distribution, etc. c2006
300 ## - PHYSICAL DESCRIPTION
Extent 421 Pages,
Dimensions 19cm.
521 ## - TARGET AUDIENCE NOTE
Target audience note Suitable for Adults.
650 ## - SUBJECT ADDED ENTRY--TOPICAL TERM
Source of heading or term LOC
Topical term or geographic name entry element Adult fiction
9 (RLIN) 188604
655 #0 - INDEX TERM--GENRE/FORM
9 (RLIN) 188670
Genre/form data or focus term Human Relations Fiction
942 ## - ADDED ENTRY ELEMENTS
item type Books
Source of classification or shelving scheme Library of Congress Classification
-- 282
-- Emmerencia Nonyane
Holdings
Withdrawn status Lost status Damaged status Not for loan Home library Current library Date acquired Cost, normal purchase price Total Checkouts Barcode Date last seen Price effective from item type Source of classification or shelving scheme Shelving location Full call number
        Graskop Graskop 23.08.2021 200.00   33228022898405 23.08.2021 23.08.2021 Books      
        Klipfontein PL (MMID-PLEM-KLIP) Klipfontein PL (MMID-PLEM-KLIP) 16.09.2024     33228022132292 16.09.2024 16.09.2024 Books Library of Congress Classification Fiction EF AND